Statistics for Every Phil Collins song that hit the Billboard hot 100

Click here to take the quiz!

General Stats

  • This quiz has been taken 78 times
  • The average score is 11 of 27

Answer Stats

Peak Chart PositionYearSong% Correct
191981In The Air Tonight
91%
11989Another Day In Paradise
88%
11984Against All Odds (Take A Look At Me Now)
74%
11985Sussudio
68%
21985Easy Lover
63%
211999You'll Be In My Heart
57%
11985One More Night
57%
11989Two Hearts
53%
71986Take Me Home
50%
101983You Can't Hurry Love
49%
11988Groovy Kind Of Love
44%
41985Don't Lose My Number
37%
41990Something Happened On The Way To Heaven
35%
31990I Wish It Would Rain Down
34%
11985Separate Lives
34%
451996Dance Into The Light
34%
391983I Don't Care Anymore
32%
41990Do You Remember?
29%
191981I Missed Again
28%
251983Both Sides Of The Story
26%
231991Hang In Long Enough
21%
241994Everyday
18%
762003Can't Stop Loving You
16%
731991Who Said I Would
9%
791983I Cannot Believe It's True
9%
771997It's In Your Eyes
4%
441993Hero
1%

Score Distribution

Percentile by Number Answered

Percent of People with Each Score

Your Score History

You have not taken this quiz